Wolvesville Roles (April 2025) - Statistics

General Stats
  • This quiz has been taken 62 times
    36 since last reset
  • The average score is 68 of 106
Answer Stats
Answers % Correct
Aura Seer
94%
Doctor
94%
Regular Werewolf
94%
Seer
94%
Bodyguard
88%
Cursed
88%
Jailer
88%
Junior Werewolf
88%
Night Watchman
88%
Spirit Seer
88%
Vigilante
88%
Warden
88%
Werewolf Fan
88%
Wolf Seer
88%
Alpha Werewolf
81%
Arsonist
81%
Cupid
81%
Detective
81%
Flower Child
81%
Guardian Wolf
81%
Gunner
81%
Loudmouth
81%
Medium
81%
Nightmare Werewolf
81%
Red Lady
81%
Shadow Wolf
81%
Tough Guy
81%
Witch
81%
Wolf Shaman
81%
Bell-Ringer
75%
Gambler
75%
Ghost Lady
75%
Grumpy Grandma
75%
Marksman
75%
Mayor
75%
Pacifist
75%
Ritualist
75%
Serial Killer
75%
Sheriff
75%
Soulbinder
75%
Villager
75%
Analyst
69%
Astronomer
69%
Avenger
69%
Baker
69%
Beast Hunter
69%
Bully
69%
Butcher
69%
Fool
69%
Headhunter
69%
Preacher
69%
Priest
69%
Seer Apprentice
69%
Sorcerer
69%
Blind Werewolf
63%
Bomber
63%
Fortune Teller
63%
Jelly Wolf
63%
Lurker
63%
Mortician
63%
Stubborn Werewolf
63%
Trapper
63%
Voodoo Werewolf
63%
Werewolf Berserk
63%
Zombie
63%
Bandit (+Accomplice)
56%
Cannibal
56%
Conjuror
56%
Evil Detective
56%
Flagger
56%
Grave Robber
56%
Illusionist
56%
President
56%
Siren
56%
Storm Wolf
56%
Toxic Wolf
56%
Violinist
56%
Wolf Pacifist
56%
Anarchist
50%
Corruptor
50%
Ferryman
50%
Forger
50%
Ghost Wolf
50%
Instigator
50%
Judge
50%
Kitten Wolf
50%
Sect Leader
50%
Split Wolf
50%
Swamp Wolf
50%
Wolf Summoner
50%
Blight
44%
Confusion Wolf
44%
Shapeshifter
44%
Wolffluencer
44%
Wolf Scribe
44%
Wolf Trickster
44%
Alchemist
38%
Locksmith
38%
Party Wolf
31%
Easter Bunny
25%
Rainmaker
25%
Santa Claus
25%
Spy
25%
Gentlewolf
19%
Journalist
19%
Pumpkin King
19%
No matching quizzes found
Score Distribution
Percent of People with Each Score
Percentile by Number Answered
Your Score History
You have not taken this quiz since the last reset